| 000 | 00834nam a22002295i 4500 | ||
|---|---|---|---|
| 001 | 175918 | ||
| 003 | ES-MaACL | ||
| 005 | 20230906215938.0 | ||
| 008 | 101201s1981 sp a |||| | spa d | ||
| 020 | _a84-286-2007-5 | ||
| 080 | _a616.379-008.64 | ||
| 100 | 1 |
_aDextreit, Raymond. _944054 |
|
| 245 | 1 | 0 |
_aCura natural de la diabetes y los trastornos de malnutrición _b: deficiencias y carencias / _cRaymond Dextreit ; [dibujos: Clara Noelle]. |
| 260 |
_aBarcelona : _bPomaire, _cD. L. 1981. |
||
| 300 |
_a78 p. : _bil. ; _c18 cm. |
||
| 490 | 1 | _aSalud total por medios naturales. La salud en mi bolsillo | |
| 650 | 0 | 4 |
_aDiabetes- _xTratamiento. _911849 |
| 700 | 1 |
_aNoelle, Clara. _9144123 |
|
| 830 | 0 |
_aSalud total por medios naturales. La salud en mi bolsillo _9189840 |
|
| 852 |
_aES-MaACL _jE-13731 |
||
| 999 |
_c175918 _d175918 |
||